000 00708nam a2200277Ia 4500
003 OSt
005 20221006150059.0
006 a|||||r|||| 00| 0
007 ta
008 221006b |||||||| |||| 00| 0 jpn d
020 _cY2800
024 _a17,053
037 _cTextual
040 _aEASL
_cEASL
_bjpn
041 _2jpn
_ajpn
082 _aN42, L8
100 _aTANI Shinichi Ed.
_9655799
245 0 _aNohon bijutsu jiten
260 _aTokyo
_bTokyo Doshuppan Japan
_c1978
300 _a246p.
_ccm.
490 _v RR
650 _aJL
700 _a NOMA Seiroku Ed.
_9655800
942 _hN42, L8
_cTEXL
_2CC
999 _c1085139
_d1085139